Вопросы машиноведения и машиностроения; Литые кобальтовые быстрорежущие стали; Стойкостные испытания литого быстрорежущего инструмента; Определение сил на задней грани резца; Некоторые вопросы трения при резании металла; Зависимость температуры резания от скорости резания; Измерение температуры на передней грани резца методом естественной термопары при работе резцом, оснащенным пластинкой твердого сплава; Измерительная сила; Линейная метрологическая цепь; Токарный динамометр для измерения больших сил резания; Некоторые зависимости, вытекающие из особенностей индикаторных диаграмм пневматических молотков
| Korporativní autor: | |
|---|---|
| Další autoři: | |
| Jazyk: | ruština |
| Vydáno: |
Новосибирск, 1951
|
| TOC: | Н. Д. Тютева, Литые кобальтовые быстрорежущие стали; А. М. Розенберг, И. И. Муханов, Стойкостные испытания литого быстрорежущего инструмента; А. М. Розенберг, Определение сил на задней грани резца; А. М. Розенберг, Ю. П. Зимин, Некоторые вопросы трения при резании металла; Ю. П. Зимин, Зависимость температуры резания от скорости резания; Ю. П. Зимин, Измерение температуры на передней грани резца методом естественной термопары при работе резцом, оснащенным пластинкой твердого сплава; С. И. Покрас, Измерительная сила; С. И. Покрас, Линейная метрологическая цепь; А. М. Розенберг, И. И. Муханов, Токарный динамометр для измерения больших сил резания; Б. В. Суднишников, Некоторые зависимости, вытекающие из особенностей индикаторных диаграмм пневматических молотков; |
| Témata: | |
| Médium: | MixedMaterials Kniha |
| KOHA link: | https://koha.lib.tpu.ru/cgi-bin/koha/opac-detail.pl?biblionumber=174667 |
MARC
| LEADER | 00000nam0a2200000 4500 | ||
|---|---|---|---|
| 001 | 174667 | ||
| 005 | 20231031164902.0 | ||
| 010 | |b 300 экз. | ||
| 035 | |a (RuTPU)RU\TPU\book\189412 | ||
| 090 | |a 174667 | ||
| 100 | |a 20100202d1951 k y0rusy50 ca | ||
| 101 | 0 | |a rus | |
| 102 | |a RU | ||
| 105 | |a a z 001zy | ||
| 200 | 1 | |a Вопросы машиноведения и машиностроения |f Академия наук СССР (АН СССР), Западно-Сибирский филиал ; под ред. Г. В. Родионова | |
| 210 | |a Новосибирск |d 1951 | ||
| 215 | |a 111 с. |c ил. | ||
| 320 | |a Библиогр. в примеч.: | ||
| 464 | |t Литые кобальтовые быстрорежущие стали |f Н. Д. Тютева | ||
| 464 | |t Стойкостные испытания литого быстрорежущего инструмента |f А. М. Розенберг, И. И. Муханов | ||
| 464 | |t Определение сил на задней грани резца |f А. М. Розенберг | ||
| 464 | |t Некоторые вопросы трения при резании металла |f А. М. Розенберг, Ю. П. Зимин | ||
| 464 | |t Зависимость температуры резания от скорости резания |f Ю. П. Зимин | ||
| 464 | |t Измерение температуры на передней грани резца методом естественной термопары при работе резцом, оснащенным пластинкой твердого сплава |f Ю. П. Зимин | ||
| 464 | |t Измерительная сила |f С. И. Покрас | ||
| 464 | |t Линейная метрологическая цепь |f С. И. Покрас | ||
| 464 | |t Токарный динамометр для измерения больших сил резания |f А. М. Розенберг, И. И. Муханов | ||
| 464 | |t Некоторые зависимости, вытекающие из особенностей индикаторных диаграмм пневматических молотков |f Б. В. Суднишников | ||
| 610 | 1 | |a машиноведение | |
| 610 | 1 | |a машиностроение | |
| 610 | 1 | |a сталь | |
| 610 | 1 | |a термическая обработка | |
| 610 | 1 | |a режущий инструмент | |
| 610 | 1 | |a металл | |
| 610 | 1 | |a резание | |
| 610 | 1 | |a оборудование | |
| 610 | 1 | |a инструмент | |
| 610 | 1 | |a пневматические молотки | |
| 610 | 1 | |a измерительные приборы | |
| 675 | |a 621.002:658 |v 3 | ||
| 702 | 1 | |a Родионов |b Г. В. |4 340 | |
| 712 | 0 | 2 | |a Академия наук СССР (АН СССР) |b Западно-Сибирский филиал |c (Новосибирск) |2 stltpush |3 (RuTPU)RU\TPU\col\3592 |
| 801 | 1 | |a RU |b 63413507 |c 20100202 | |
| 801 | 2 | |a RU |b 63413507 |c 20171225 |g RCR | |
| 942 | |c BK | ||